Las exportaciones regionales de Chile en la perspectiva de la globalización: período 1990-2000

Enregistré dans:
Détails bibliographiques
Auteurs principaux: Prado, María Elisa (Auteur), Gatica García, Raúl (Auteur)
Format: Livre
Langue:espagnol
Publié: Santiago Ministerio de Planificación y Cooperación 2002
Sujets:
Tags: Ajouter un tag
Pas de tags, Soyez le premier à ajouter un tag!

MARC

LEADER 00000nam a2200000 a 4500
001 UCL3866
003 CL-VaPUC
008 031219e20020000CL |||||||||||||||||spa|d
082 0 4 |a 382.0983  |b PRA  |2 21 
100 0 |a Prado, María Elisa  |e author  |9 481300 
700 0 |a Gatica García, Raúl  |e author  |9 481301 
245 1 4 |a Las exportaciones regionales de Chile en la perspectiva de la globalización: período 1990-2000 
300 |a 77 p 
942 |c BK 
945 |d 20031219 00:00:00  |a rbrito 
260 |a Santiago  |b Ministerio de Planificación y Cooperación  |c 2002 
650 7 |a COMERCIO INTERNACIONAL  |2 CL-VaPUC  |9 481302 
650 0 |a Desarrollo económico  |9 259599 
650 0 |a Globalización  |9 361930 
651 7 |a CHILE  |2 CL-VaPUC  |9 481303 
583 |a last modification  |c 20031219 00:00:00  |k Rodrigo Vera 
999 |c 306862  |d 306860 
952 |0 0  |1 0  |4 0  |6 382_098300000000000_PRA_2002  |7 0  |8 A  |9 372272  |a BIBGIM  |b BIBGIM  |d 2019-11-21  |i 3934500  |o 382.0983 PRA 2002  |p 3934500  |r 2025-01-15  |w 2019-11-21  |y BK  |k GIM